Day #43: Countries 4300 km away from Czech Republic - Statistics

General Stats
  • This quiz has been taken 12 times
  • The average score is 15 of 18
Answer Stats
Answer % Correct
Kazakhstan
100%
Saudi Arabia
100%
Chad
89%
Mali
89%
Mauritania
89%
Niger
89%
Russia
89%
Sudan
89%
Uzbekistan
89%
Afghanistan
78%
Iran
78%
Nigeria
78%
Turkmenistan
78%
United Arab Emirates
78%
Burkina Faso
67%
Cameroon
67%
Eritrea
67%
Tajikistan
67%
No matching quizzes found
Score Distribution
Percent of People with Each Score
Percentile by Number Answered
Your Score History
You have not taken this quiz